000 00911 a2200193 4500
008 080820t xxu||||| |||| 00| 0 eng d
010 _aENG-84813
020 _a8189422103
_c600.00
035 _aEN-68346
082 _a363.7392
100 _aShilpa Shyam
245 _aAir pollution and it's impact on plant growth
_cby Shilpa Shyam, H. N. Verma and S. K. Bhargava
260 _aNew Delhi :
_bNew India Publishing Agency,
_c2005.
270 _a101, Vikas Surya Plaza, CU Block, LSC Mkt., Pitam Pura
_bNew Delhi
_cDelhi
_e110088
_k011-27341717
_l011-27341616
_mspjain_niph@rediffmail.com
300 _a249 p.
_c22 cm. (Hb)
500 _aIncludes bibliographical references and index
942 _adpl
_cEN
_k363.7392 / SHI
_2ddc
_h363.7392
_m SHI
999 _c455
_d455